01084nam a22003017a 45000010005000000030006000050050017000110080041000280200018000690400029000870500008001160820008001241000027001322450086001592500041002452600034002863000039003205050007003595200125003665210018004915210018005096500027005276500037005547000033005919420015006249990015006399520128006546594FISKH20250513093404.0250513b cb ||||| |||| 00| 0 eng d a9780439424417 aFISKHbengcFISKHdFISKH aPZ7 a521 aDadey, Debbied(1959-) aSwamp monster in third grade /cBy Debbie Dadey ; Illustrations by Margeaux Lucas aThis edition first published in 2002 aNew York :bScholastic,c2002 a79 pages :billustrations ;c20 cm aP  aA swamp monster who has inexplicably turned into a boy in the third grade wants desperately to go back to his old self. 8 a640 bLexile 8 aP bRaz-Plus  2Swamp monsteraLevel M 2School ThemedaPrincipals office aLucas, Margeauxdillustrator 2ddccBKn0 c6594d6594 00102ddc40708JUVFa002b002cTTP Yellow d2025-05-13l0oDAD 521 PZ7p2025-1292r2025-05-13 09:34:02t1w2025-05-13yBK